[Event "2BLS 2122 SC Böblingen - SC Ötigheim"]
[Site "?"]
[Date "2022.03.05"]
[Round "1.1"]
[White "Bauer, Christian"]
[Black "Gaehwiler, Gabriel"]
[Result "1/2-1/2"]
[WhiteElo "2613"]
[BlackElo "2406"]
[PlyCount "90"]
[EventDate "2022.??.??"]

1. e4 e5 2. Bc4 Nf6 3. d3 c6 4. Nf3 d5 5. Bb3 Bd6 6. exd5 cxd5 7. Bg5 d4 8.
Nbd2 O-O 9. O-O Nc6 10. Re1 h6 11. Bh4 Re8 12. Nc4 Bc7 13. Ba4 Qd5 14. Bxf6
gxf6 15. Nfd2 f5 16. Qh5 b5 17. Bb3 bxc4 18. Bxc4 Qd7 19. Qg6+ Kf8 20. Qxh6+
Kg8 21. Nf3 Na5 22. Ng5 Nxc4 23. dxc4 e4 24. Qh7+ Kf8 25. Qh6+ Ke7 26. Qg7 Kd6
27. Qxd4+ Kc6 28. Qc3 Qd6 29. g3 Qe5 30. Qb3 Be6 31. Qa4+ Kb7 32. Nxe6 Rxe6 33.
Rad1 Rd8 34. Rxd8 Bxd8 35. Rd1 Rd6 36. Rxd6 Qxd6 37. Qb5+ Kc7 38. Qxf5 Qd1+ 39.
Kg2 Qxc2 40. Qxf7+ Kb8 41. b4 e3 42. Qe8 Kc7 43. Qf7+ Kc8 44. Qe8 Kc7 45. Qf7+
Kc8 1/2-1/2

[Event "2BLS 2122 SC Böblingen - SC Ötigheim"]
[Site "?"]
[Date "2022.03.05"]
[Round "1.2"]
[White "Ortmann, David"]
[Black "Van den Doel, Erik"]
[Result "1/2-1/2"]
[WhiteElo "2330"]
[BlackElo "2585"]
[PlyCount "114"]
[EventDate "2022.??.??"]

1. d4 d5 2. c4 c6 3. cxd5 cxd5 4. Nc3 Nf6 5. Bf4 Nc6 6. e3 a6 7. Be2 Bf5 8. Nf3
e6 9. O-O Bd6 10. Bxd6 Qxd6 11. Rc1 O-O 12. Na4 Rac8 13. Nc5 Rc7 14. Qb3 Qe7
15. Qb6 Rfc8 16. Rc3 Bg4 17. Rfc1 Ne4 18. R3c2 Nxc5 19. Rxc5 Bxf3 20. Bxf3 Rd7
21. h3 Qd8 22. Qxd8+ Rcxd8 23. Be2 Ra8 24. Bd1 Rdd8 25. a3 Kf8 26. Ba4 Ne7 27.
Rc7 Rab8 28. Bc2 Rdc8 29. Bd3 Rxc7 30. Rxc7 Ke8 31. Rc3 Kd7 32. Kf1 h6 33. Ke2
Nc6 34. Kd2 Kd6 35. Rc1 f6 36. f4 g5 37. Rf1 Ke7 38. b4 gxf4 39. Rxf4 Rg8 40.
g4 Rg5 41. Rf1 h5 42. Be2 Nd8 43. Rc1 hxg4 44. hxg4 Kd7 45. b5 axb5 46. Bxb5+
Nc6 47. Rf1 Rxg4 48. Rxf6 Rg2+ 49. Kd3 Kd6 50. Rf7 Ne7 51. a4 Rg8 52. Rh7 b6
53. Rf7 Rh8 54. Rg7 Rh2 55. Rf7 Rh3 56. Kd2 Rh8 57. Kd3 Rh3 1/2-1/2

[Event "2BLS 2122 SC Böblingen - SC Ötigheim"]
[Site "?"]
[Date "2022.03.05"]
[Round "1.3"]
[White "Cornette, Matthieu"]
[Black "Hirneise, Jens"]
[Result "1-0"]
[WhiteElo "2571"]
[BlackElo "2327"]
[PlyCount "93"]
[EventDate "2022.??.??"]

1. d4 Nf6 2. c4 g6 3. Nc3 Bg7 4. e4 d6 5. h3 Nbd7 6. Bd3 c5 7. d5 O-O 8. Nf3
Ne5 9. O-O Nxd3 10. Qxd3 Nd7 11. Bf4 f6 12. Qe3 b6 13. Bh2 Ne5 14. Nd2 g5 15.
Kh1 Kh8 16. f4 gxf4 17. Bxf4 Rg8 18. b3 Qe8 19. Nf3 Qh5 20. Ne2 Bd7 21. Ng3 Qe8
22. Nh4 b5 23. Qe2 Rb8 24. Nhf5 Bf8 25. Ne3 bxc4 26. bxc4 Bh6 27. Ngf5 Bxf4 28.
Rxf4 Bxf5 29. Nxf5 Rb7 30. Rc1 Qg6 31. Rc3 Qe8 32. Rb3 Rxb3 33. axb3 Ng6 34.
Rf1 Qb8 35. Qe3 Qc7 36. Ra1 Ne5 37. Qc3 Rb8 38. Ra3 Ng6 39. Qa1 Rb7 40. Ra6 Qb8
41. Qc1 Qf8 42. Rc6 Kg8 43. Qe3 Kf7 44. Qg3 Qb8 45. Qg4 Rxb3 46. Qh5 Qh8 47.
Rc7 1-0

[Event "2BLS 2122 SC Böblingen - SC Ötigheim"]
[Site "?"]
[Date "2022.03.05"]
[Round "1.4"]
[White "Seitz, Patrick"]
[Black "Grigoriants, Sergey"]
[Result "0-1"]
[WhiteElo "2201"]
[BlackElo "2544"]
[PlyCount "94"]
[EventDate "2022.??.??"]

1. e4 c5 2. Nf3 e6 3. d4 cxd4 4. Nxd4 Nc6 5. Nc3 a6 6. Be2 d6 7. Be3 Nf6 8. h3
Be7 9. Qd2 Nxd4 10. Bxd4 b5 11. Bf3 e5 12. Be3 Bb7 13. a3 O-O 14. Bg5 h6 15.
Bxf6 Bxf6 16. Rd1 Rc8 17. Qxd6 Qa5 18. O-O Rfd8 19. Qb4 Qxb4 20. axb4 Rd4 21.
Rd3 Rxb4 22. b3 Rd4 23. Rfd1 Kf8 24. g3 Rc5 25. Kg2 a5 26. Ne2 Rxd3 27. cxd3 b4
28. d4 exd4 29. Nxd4 Bxd4 30. Rxd4 Rc3 31. Bd1 f5 32. f3 fxe4 33. fxe4 Ke7 34.
Kf2 Ke6 35. Be2 Ke5 36. Rd7 Bxe4 37. Re7+ Kd4 38. Rd7+ Kc5 39. Rc7+ Kd4 40.
Rd7+ Kc5 41. Rc7+ Kb6 42. Rxg7 Rxb3 43. Rg4 Bd3 44. Bxd3 Rxd3 45. Rg6+ Kc5 46.
Rxh6 b3 47. Rh8 Rd6 0-1

[Event "2BLS 2122 SC Böblingen - SC Ötigheim"]
[Site "?"]
[Date "2022.03.05"]
[Round "1.5"]
[White "Lai, Hing Ting"]
[Black "Mueller, Ralf"]
[Result "0-1"]
[WhiteElo "2461"]
[BlackElo "2333"]
[PlyCount "100"]
[EventDate "2022.??.??"]

1. d4 d5 2. c4 e6 3. Nc3 Nf6 4. cxd5 exd5 5. Bg5 Be7 6. e3 c6 7. Bd3 Nbd7 8.
Nge2 h6 9. Bh4 Nh5 10. Bxe7 Qxe7 11. O-O O-O 12. Rb1 a5 13. a3 Nb6 14. Na4 Nxa4
15. Qxa4 Qg5 16. b4 Bh3 17. Ng3 Nxg3 18. hxg3 axb4 19. Qxb4 Bc8 20. Rfc1 Re8
21. Rb3 g6 22. Bf1 Qf6 23. a4 Kg7 24. a5 h5 25. f3 Rh8 26. Qe1 Qd6 27. Rb6 Qc7
28. Rc5 Re8 29. e4 dxe4 30. fxe4 Qd8 31. Rc4 Be6 32. Rcb4 Rxa5 33. Qc3 Qf6 34.
Rxb7 Ra2 35. Rb2 Rea8 36. e5 Qg5 37. Qf3 R8a3 38. Qf4 Rxg3 39. Qxg5 Rxg5 40.
Rxa2 Bxa2 41. Rc7 Rg4 42. Rxc6 Rxd4 43. Rc5 Be6 44. Be2 Kh6 45. Kf2 Kg5 46. Bf3
h4 47. Ke3 Ra4 48. Bc6 Ra3+ 49. Kd4 Kf4 50. Rc1 g5 0-1

[Event "2BLS 2122 SC Böblingen - SC Ötigheim"]
[Site "?"]
[Date "2022.03.05"]
[Round "1.6"]
[White "Tran, Thanh Kien"]
[Black "Daulyte-Cornette, Deimante"]
[Result "1/2-1/2"]
[WhiteElo "2158"]
[BlackElo "2385"]
[PlyCount "78"]
[EventDate "2022.??.??"]

1. Nf3 Nf6 2. g3 g6 3. b3 Bg7 4. Bb2 d6 5. d4 c5 6. Bg2 cxd4 7. Nxd4 d5 8. O-O
O-O 9. c4 dxc4 10. bxc4 Nbd7 11. Qc2 a6 12. c5 e5 13. Nb3 Qc7 14. Rc1 Nb8 15.
N1d2 Bf5 16. Qc3 Nc6 17. Nc4 Be4 18. Bh3 Rad8 19. Nd6 Bd5 20. Bg2 Bxg2 21. Kxg2
Ne8 22. Nxe8 Rfxe8 23. e3 Qd7 24. Na5 Qd5+ 25. Kg1 Nxa5 26. Qxa5 Qf3 27. Qa4 h5
28. h4 Bh6 29. Qb3 Rd2 30. Rf1 Rxf2 31. Rxf2 Bxe3 32. Qc2 Qxg3+ 33. Kf1 Qh3+
34. Kg1 Rd8 35. Re1 Qg3+ 36. Kf1 Qh3+ 37. Kg1 Qg3+ 38. Kf1 Qh3+ 39. Kg1 Qg3+
1/2-1/2

[Event "2BLS 2122 SC Böblingen - SC Ötigheim"]
[Site "?"]
[Date "2022.03.05"]
[Round "1.7"]
[White "Kabos, Tobias"]
[Black "Vujic, Branimir"]
[Result "1-0"]
[WhiteElo "2342"]
[BlackElo "2277"]
[PlyCount "105"]
[EventDate "2022.??.??"]

1. e4 d5 2. exd5 Nf6 3. d4 Nxd5 4. Nf3 g6 5. c4 Nb6 6. h3 Bg7 7. Nc3 O-O 8. Be2
Nc6 9. Be3 e5 10. d5 Ne7 11. g4 f5 12. Qb3 e4 13. Ng5 h6 14. Ne6 Bxe6 15. dxe6
c6 16. a4 Qc7 17. a5 Nbc8 18. O-O-O Qxa5 19. Rd7 f4 20. Bd2 Qe5 21. Rd1 b6 22.
Na4 Qxe6 23. Bc3 e3 24. Bxg7 Kxg7 25. fxe3 Qxe3+ 26. Qxe3 fxe3 27. R1d3 Rf4 28.
Rxe3 Kf7 29. Nc3 a5 30. b3 Rf6 31. g5 Re6 32. Ne4 Kg7 33. Bg4 Re5 34. h4 Ra7
35. Rd8 hxg5 36. hxg5 Rc7 37. Nf6 Rxe3 38. Ne8+ Kh7 39. Nxc7 Rxb3 40. Bxc8 Nxc8
41. Rxc8 Rc3+ 42. Kd2 Rxc4 43. Ne6 a4 44. Kd3 b5 45. Rc7+ Kh8 46. Ra7 Rg4 47.
Ke3 a3 48. Kf3 Rh4 49. Nf4 Kg8 50. Rxa3 b4 51. Ra6 c5 52. Rxg6+ Kf7 53. Rc6 1-0

[Event "2BLS 2122 SC Böblingen - SC Ötigheim"]
[Site "?"]
[Date "2022.03.05"]
[Round "1.8"]
[White "Schuh, Karsten"]
[Black "Kuehn, Kolja"]
[Result "0-1"]
[WhiteElo "2182"]
[BlackElo "2127"]
[PlyCount "116"]
[EventDate "2022.??.??"]

1. Nf3 d5 2. c4 dxc4 3. Qa4+ Bd7 4. Qxc4 Nc6 5. Nc3 g6 6. g3 Bg7 7. Bg2 Nh6 8.
O-O Nf5 9. d4 O-O 10. d5 Ncd4 11. Nxd4 Nxd4 12. Bg5 h6 13. Bd2 b5 14. Qc5 Nc2
15. Ne4 Nxa1 16. Rxa1 Bxb2 17. Rb1 Bg7 18. Bf4 Rc8 19. Rd1 a6 20. Qa7 g5 21.
Be3 Ra8 22. Qc5 Re8 23. f4 g4 24. Bd4 Bf5 25. Bxg7 Kxg7 26. Qc3+ f6 27. Nc5 e5
28. e4 Bg6 29. fxe5 fxe5 30. Rf1 Qd6 31. h4 Re7 32. Kh2 Rf8 33. Rxf8 Kxf8 34.
Nd3 Kg7 35. Nb4 Be8 36. Nd3 Qf6 37. Nc5 Bf7 38. Nd3 Kg6 39. Qb2 Be8 40. Nc5 Bd7
41. Nd3 Qd6 42. Qc3 Re8 43. Kh1 c6 44. Kh2 Re7 45. Qc1 cxd5 46. exd5 Bf5 47.
Qe3 Qf6 48. Nf2 Kg7 49. Ne4 Bxe4 50. Qxe4 Qg6 51. Qb4 Rf7 52. Qc5 Rd7 53. Qc8
Qd6 54. Be4 h5 55. Qe8 Rf7 56. Kg2 b4 57. Kh2 a5 58. Bg2 Re7 0-1

[Event "2BLS 2122 SC Eppingen - OSG Baden-Baden"]
[Site "?"]
[Date "2022.03.05"]
[Round "1.1"]
[White "Dann, Matthias"]
[Black "Noe, Christopher"]
[Result "1-0"]
[WhiteElo "2456"]
[BlackElo "2515"]
[PlyCount "99"]
[EventDate "2022.??.??"]

1. e4 c6 2. Nc3 d5 3. d4 dxe4 4. Nxe4 Nd7 5. Bd3 Ngf6 6. Ng5 e6 7. N1f3 Bd6 8.
Qe2 h6 9. Ne4 Nxe4 10. Qxe4 Nf6 11. Qe2 b6 12. Bd2 Bb7 13. O-O-O Qc7 14. Kb1
O-O-O 15. Ba6 Bxa6 16. Qxa6+ Qb7 17. Qe2 Rhe8 18. Rhe1 c5 19. Be3 Nd7 20. dxc5
Bxc5 21. Nd4 Bxd4 22. Rxd4 Nf6 23. Rc4+ Kb8 24. Bf4+ e5 25. Bxe5+ Ka8 26. f4
Nd7 27. Re4 Nf6 28. Re3 Nd5 29. Rd3 f6 30. c4 fxe5 31. Rxd5 Rxd5 32. cxd5 Qxd5
33. fxe5 Kb7 34. e6 Re7 35. a3 a5 36. g4 Ka7 37. Qf1 Qd8 38. Qf5 Qb8 39. Rd1
Qxh2 40. Qf8 Rc7 41. Qf5 Qe2 42. Rc1 Rxc1+ 43. Kxc1 Qe1+ 44. Kc2 Qe2+ 45. Kc3
a4 46. Qf7+ Ka6 47. e7 Qe3+ 48. Kc2 Qe4+ 49. Kd2 Qg2+ 50. Kd3 1-0

[Event "2BLS 2122 SC Eppingen - OSG Baden-Baden"]
[Site "?"]
[Date "2022.03.05"]
[Round "1.2"]
[White "Mesaros, Florian"]
[Black "Bellahcene, Bilel"]
[Result "0-1"]
[WhiteElo "2419"]
[BlackElo "2520"]
[PlyCount "132"]
[EventDate "2022.??.??"]

1. d4 Nf6 2. c4 e6 3. Nc3 Bb4 4. e3 b6 5. Nge2 Ne4 6. Qc2 Bb7 7. a3 Bxc3+ 8.
Nxc3 Nxc3 9. Qxc3 d6 10. b4 a5 11. Bb2 O-O 12. d5 Qg5 13. h4 Qg4 14. Be2 Qxg2
15. O-O-O axb4 16. axb4 e5 17. Rdg1 Qxf2 18. Bd1 Qf6 19. Rg5 g6 20. Qd3 Nd7 21.
Bc2 Qe7 22. Rhg1 Kh8 23. Qe4 f6 24. R5g3 f5 25. Qh1 Nf6 26. h5 Nxh5 27. Rg5 Rf6
28. Bxf5 Raf8 29. Be4 Bc8 30. Qh4 Qe8 31. Bd3 Bf5 32. Be2 Qa4 33. e4 Nf4 34.
Qxf4 exf4 35. exf5 Kg8 36. fxg6 h6 37. g7 R6f7 38. R5g4 Qb3 39. Bd1 Qe3+ 40.
Kb1 Rf5 41. Bc2 f3 42. Bd4 Qe7 43. Re4 Qd7 44. Re6 f2 45. Bxf2 Rg5 46. Rxg5
hxg5 47. Bd4 c5 48. bxc5 bxc5 49. Bc3 Rf1+ 50. Kb2 Qb7+ 51. Ka3 Qa8+ 52. Kb2
Qb8+ 53. Bb3 Rf2+ 54. Kc1 Rf3 55. Kd2 Rxc3 56. Kxc3 Kxg7 57. Bc2 Qb4+ 58. Kd3
Qa3+ 59. Ke2 Qg3 60. Bf5 Qf4 61. Be4 g4 62. Kd3 g3 63. Re7+ Kf8 64. Rd7 g2 65.
Bxg2 Qg3+ 66. Ke4 Qg4+ 0-1

[Event "2BLS 2122 SC Eppingen - OSG Baden-Baden"]
[Site "?"]
[Date "2022.03.05"]
[Round "1.3"]
[White "Breder, Dennis"]
[Black "Medvegy, Zoltan"]
[Result "0-1"]
[WhiteElo "2481"]
[BlackElo "2510"]
[PlyCount "118"]
[EventDate "2022.??.??"]

1. e4 e6 2. d4 d5 3. Nd2 dxe4 4. Nxe4 Bd7 5. Nf3 Bc6 6. Bd3 Nd7 7. Qe2 Ngf6 8.
O-O Bxe4 9. Bxe4 Nxe4 10. Qxe4 c6 11. c4 Be7 12. Rd1 O-O 13. Bf4 Re8 14. Ne5
Nxe5 15. Bxe5 f6 16. Bf4 Bd6 17. Bd2 Qc7 18. h3 a5 19. a4 e5 20. d5 Bc5 21. Be3
Bxe3 22. Qxe3 cxd5 23. cxd5 Qd6 24. Ra3 Rec8 25. Rb3 Rab8 26. Rb6 Qc5 27. d6
Qxe3 28. fxe3 Rc6 29. Rxc6 bxc6 30. d7 Rd8 31. b4 axb4 32. a5 Kf7 33. Rc1 Rxd7
34. Rxc6 Ra7 35. a6 b3 36. Rb6 b2 37. Rxb2 Rxa6 38. Kf2 f5 39. Kf3 Kf6 40. h4
h6 41. h5 Ra7 42. Rb5 Re7 43. e4 fxe4+ 44. Kxe4 Kg5 45. Rb3 Kxh5 46. Kf5 Rf7+
47. Kxe5 Rf2 48. Rg3 g5 49. Ke4 g4 50. Ke3 Ra2 51. Kf4 Rb2 52. Kf5 Rf2+ 53. Ke4
Kh4 54. Rd3 Rxg2 55. Kf5 h5 56. Kg6 Ra2 57. Rd4 Ra6+ 58. Kf5 Kh3 59. Rd3+ g3
0-1

[Event "2BLS 2122 SC Eppingen - OSG Baden-Baden"]
[Site "?"]
[Date "2022.03.05"]
[Round "1.4"]
[White "Hacker, Jonas"]
[Black "Martin, Julian"]
[Result "1-0"]
[WhiteElo "2373"]
[BlackElo "2388"]
[PlyCount "83"]
[EventDate "2022.??.??"]

1. e4 c5 2. Nf3 Nc6 3. Bb5 g6 4. O-O Bg7 5. c3 Nf6 6. Re1 O-O 7. d4 cxd4 8.
cxd4 d5 9. e5 Ne4 10. Bxc6 bxc6 11. Be3 f6 12. Nbd2 Bf5 13. exf6 Bxf6 14. Nxe4
Bxe4 15. Ne5 c5 16. f3 cxd4 17. Bxd4 Bxe5 18. Bxe5 Bf5 19. Bd4 Rf7 20. Rc1 Qd6
21. Kh1 Rc8 22. Rxc8+ Bxc8 23. Bc3 Rf5 24. Qd4 e5 25. Rxe5 Rxe5 26. Qxe5 Qxe5
27. Bxe5 h5 28. h3 Bf5 29. Bd4 a6 30. Kh2 Kf7 31. Kg3 Ke6 32. Kf4 Bb1 33. Kg5
Kf7 34. a3 Bc2 35. g4 hxg4 36. fxg4 Ke6 37. h4 Kf7 38. b4 Bd1 39. h5 gxh5 40.
gxh5 Bc2 41. Kh6 Ke6 42. a4 1-0

[Event "2BLS 2122 SC Eppingen - OSG Baden-Baden"]
[Site "?"]
[Date "2022.03.05"]
[Round "1.5"]
[White "Riff, Jean-Noel"]
[Black "Gibicar, Danijel"]
[Result "1-0"]
[WhiteElo "2445"]
[BlackElo "2271"]
[PlyCount "105"]
[EventDate "2022.??.??"]

1. e4 e6 2. d4 d5 3. Nd2 a6 4. Bd3 c5 5. dxc5 Bxc5 6. Ngf3 Nc6 7. O-O Nge7 8.
exd5 exd5 9. Re1 O-O 10. Nb3 Bd6 11. c3 Qc7 12. h3 Bd7 13. Bc2 Rad8 14. Nbd4
Ng6 15. Qd3 Rfe8 16. Bd2 Nxd4 17. Nxd4 Bh2+ 18. Kh1 Bf4 19. Bxf4 Qxf4 20. Kg1
Rxe1+ 21. Rxe1 Re8 22. Rxe8+ Bxe8 23. Qe2 Kf8 24. Bb3 Ne7 25. g3 Qd6 26. Qe3
Bd7 27. Kg2 Qf6 28. Bd1 Nc6 29. Nxc6 Bxc6 30. Bf3 g6 31. Qc5+ Kg7 32. h4 Qe6
33. h5 gxh5 34. Qd4+ Qf6 35. Bxh5 Qxd4 36. cxd4 f6 37. Kf3 Kh6 38. Bf7 Kg5 39.
Be6 b6 40. Kg2 Kg6 41. Kh3 a5 42. Kg4 Bb7 43. a3 Bc6 44. b4 axb4 45. axb4 b5
46. Kf4 h5 47. Bc8 Kg7 48. Kf5 Kf7 49. f3 Ke7 50. Kg6 Be8+ 51. Kg7 Bc6 52. Bf5
Be8 53. Bg6 1-0

[Event "2BLS 2122 SC Eppingen - OSG Baden-Baden"]
[Site "?"]
[Date "2022.03.05"]
[Round "1.6"]
[White "Cofmann, Veaceslav"]
[Black "Schmider, Niklas"]
[Result "0-1"]
[WhiteElo "2320"]
[BlackElo "2352"]
[PlyCount "90"]
[EventDate "2022.??.??"]

1. d4 Nf6 2. c4 e6 3. Nf3 d5 4. e3 Be7 5. Nc3 O-O 6. Bd3 c5 7. cxd5 cxd4 8.
exd4 Nxd5 9. O-O Nc6 10. Ne4 b6 11. a3 Bb7 12. Bd2 Rc8 13. Qe2 Nf6 14. Bc3 Qd5
15. Rfe1 Na5 16. Bb4 Rfe8 17. Bxe7 Rxe7 18. Nxf6+ gxf6 19. Qe3 Qh5 20. Qf4 Kg7
21. Re3 Qh6 22. Qg4+ Kh8 23. Qg3 Rd7 24. Bb5 Rd5 25. Bf1 Rf5 26. Ne1 Rf4 27.
Rc3 Rg8 28. Qe3 Qh4 29. Rd1 Bd5 30. f3 Nc6 31. Qf2 Qh5 32. Kh1 Ne7 33. Bd3 Rh4
34. g3 Rh3 35. Kg1 Rgxg3+ 36. Qxg3 Rxg3+ 37. hxg3 Bxf3 38. Rdc1 Qh1+ 39. Kf2
Bb7 40. Bf1 Qe4 41. Nf3 Qg4 42. Be2 Nf5 43. Rg1 Bxf3 44. Bxf3 Qxd4+ 45. Kf1 Qd2
0-1

[Event "2BLS 2122 SC Eppingen - OSG Baden-Baden"]
[Site "?"]
[Date "2022.03.05"]
[Round "1.7"]
[White "Schmaltz, Roland"]
[Black "Bilchinski, Anton"]
[Result "1-0"]
[WhiteElo "2460"]
[BlackElo "2235"]
[PlyCount "75"]
[EventDate "2022.??.??"]

1. e4 e5 2. Nf3 d6 3. d4 exd4 4. Nxd4 Nf6 5. Nc3 Be7 6. g3 O-O 7. Bg2 c6 8. h3
Re8 9. O-O Bf8 10. g4 g6 11. Bg5 Nbd7 12. Qd2 Qb6 13. Nb3 a5 14. a4 Re6 15.
Rfe1 Bg7 16. Rad1 Ne5 17. Qe2 Re8 18. Be3 Qa6 19. Qxa6 Rxa6 20. f4 Nc4 21. Bc1
Nd7 22. Bf1 Bxc3 23. bxc3 Ndb6 24. Rd4 d5 25. Kf2 Nxa4 26. exd5 Rxe1 27. Kxe1
cxd5 28. Rxd5 Re6+ 29. Kf2 Ncb6 30. Rd8+ Kg7 31. c4 Rc6 32. Nxa5 Rc7 33. Ba3
Nc5 34. Bb2+ f6 35. g5 Ne4+ 36. Kg2 Bf5 37. gxf6+ Nxf6 38. Bxf6+ 1-0

[Event "2BLS 2122 SC Eppingen - OSG Baden-Baden"]
[Site "?"]
[Date "2022.03.05"]
[Round "1.8"]
[White "Hamid, Emran"]
[Black "Trifan, Andrei Ioan"]
[Result "1/2-1/2"]
[WhiteElo "2186"]
[BlackElo "2239"]
[PlyCount "137"]
[EventDate "2022.??.??"]

1. e4 e5 2. Nf3 Nc6 3. Bc4 Bc5 4. O-O d6 5. c3 Nf6 6. d3 a6 7. a4 Ba7 8. Re1 h6
9. Nbd2 O-O 10. h3 Nh5 11. Nf1 Qf6 12. Be3 Bxe3 13. Nxe3 Nf4 14. Kh2 Ne7 15.
Ng1 c6 16. g3 d5 17. Bb3 Nfg6 18. Qf3 Qxf3 19. Nxf3 Be6 20. Bc2 f5 21. exd5
cxd5 22. Ng2 e4 23. Nd4 Bd7 24. f3 exd3 25. Bxd3 Nc6 26. f4 Nxd4 27. cxd4 Kf7
28. Bc2 Ne7 29. Bb3 Be6 30. Nh4 Nc6 31. Nf3 Kf6 32. a5 Rac8 33. h4 Rfd8 34. Re2
Bf7 35. Rd2 Bh5 36. Ne5 g5 37. hxg5+ hxg5 38. Kg2 gxf4 39. gxf4 Rc7 40. Kf2 Be8
41. Nxc6 Bxc6 42. Rh1 Rg7 43. Rh6+ Kf7 44. Rh5 Rdg8 45. Rxf5+ Ke6 46. Re5+ Kd6
47. Rde2 Rg4 48. Re6+ Kc7 49. Rf6 Rg1 50. Rf7+ Kb8 51. f5 R8g2+ 52. Kf3 Rg3+
53. Kf4 Rxb3 54. Rf2 Kc8 55. Ke5 Kd8 56. Kd6 Be8 57. Rf8 Rc1 58. f6 Rc6+ 59.
Ke5 Kd7 60. f7 Re6+ 61. Kxd5 Rb5+ 62. Kc4 Rxa5 63. fxe8=Q+ Rxe8 64. R2f7+ Re7
65. Rxe7+ Kxe7 66. Rh8 Ra4+ 67. Kc5 Ra5+ 68. Kc4 Ra4+ 69. Kc5 1/2-1/2

[Event "2BLS 2122 SV 1947 Walldorf - SG Speyer-"]
[Site "?"]
[Date "2022.03.05"]
[Round "1.1"]
[White "Hera, Imre Jr."]
[Black "Aczel, Gergely"]
[Result "0-1"]
[WhiteElo "2579"]
[BlackElo "2539"]
[PlyCount "76"]
[EventDate "2022.??.??"]

1. Nf3 d5 2. g3 c6 3. Bg2 Bg4 4. c4 e6 5. cxd5 Bxf3 6. Bxf3 cxd5 7. O-O Nc6 8.
Nc3 Nf6 9. d3 Be7 10. a3 Rc8 11. Bd2 O-O 12. Bg2 h6 13. b4 Nd7 14. Rc1 a5 15.
b5 Nce5 16. Qb3 Qb6 17. Na4 Qd6 18. Bxa5 Qxa3 19. Qxa3 Bxa3 20. Ra1 Ra8 21.
Rxa3 Rxa5 22. Rfa1 Rfa8 23. R3a2 Rxb5 24. Nc3 Rxa2 25. Rxa2 Rb3 26. Ra8+ Kh7
27. Rc8 Nc6 28. Na4 b5 29. Nb6 Nxb6 30. Rxc6 Na4 31. f4 b4 32. Kf2 Ra3 33. f5
b3 34. fxe6 fxe6 35. Rxe6 b2 36. Bxd5 b1=Q 37. Be4+ g6 38. Rxg6 Nc3 0-1

[Event "2BLS 2122 SV 1947 Walldorf - SG Speyer-"]
[Site "?"]
[Date "2022.03.05"]
[Round "1.2"]
[White "Gschnitzer, Adrian"]
[Black "Pavlidis, Antonios"]
[Result "1/2-1/2"]
[WhiteElo "2422"]
[BlackElo "2539"]
[PlyCount "88"]
[EventDate "2022.??.??"]

1. e4 e5 2. Nf3 Nc6 3. Bc4 Nf6 4. d3 Bc5 5. c3 d6 6. O-O a6 7. a4 Ba7 8. Re1 h6
9. Nbd2 g5 10. b4 Be6 11. Bxe6 fxe6 12. Nc4 b5 13. axb5 axb5 14. Na5 Nxa5 15.
Rxa5 Bb6 16. Rxa8 Qxa8 17. d4 Qa2 18. Qd3 Qc4 19. Qxc4 bxc4 20. dxe5 Ng4 21.
Be3 Nxe5 22. Nxe5 dxe5 23. h4 Ke7 24. hxg5 Bxe3 25. Rxe3 hxg5 26. Rh3 Ra8 27.
Rh5 Ra1+ 28. Kh2 Re1 29. Rxg5 Rxe4 30. Kg3 Re2 31. Rg4 e4 32. f3 Re3 33. Kf4
Rxc3 34. Kxe4 Rb3 35. Ke5 Rxb4 36. Rg7+ Kd8 37. Kxe6 Rb6+ 38. Kd5 c3 39. Rg4
Rd6+ 40. Ke5 Kd7 41. Rc4 Rc6 42. Rd4+ Rd6 43. Rc4 Rc6 44. Rd4+ Rd6 1/2-1/2

[Event "2BLS 2122 SV 1947 Walldorf - SG Speyer-"]
[Site "?"]
[Date "2022.03.05"]
[Round "1.3"]
[White "Nemeth, Miklos"]
[Black "Muckle, Julius"]
[Result "1/2-1/2"]
[WhiteElo "2449"]
[BlackElo "2390"]
[PlyCount "82"]
[EventDate "2022.??.??"]

1. e4 e6 2. d4 d5 3. e5 c5 4. c3 Qb6 5. Nf3 Bd7 6. Bd3 Bb5 7. dxc5 Bxc5 8. b4
Bxd3 9. Qxd3 Bf8 10. O-O Nc6 11. Nbd2 Nge7 12. Nb3 Ng6 13. Re1 Be7 14. a4 O-O
15. a5 Qc7 16. Nbd4 Nxd4 17. Qxd4 f6 18. Qg4 f5 19. Qd4 Rfc8 20. Bd2 Qc4 21.
Qe3 Qe4 22. a6 b6 23. Qd4 Qxd4 24. Nxd4 Kf7 25. f3 Rc4 26. Nb5 Ke8 27. Be3 Kd7
28. Bf2 Bg5 29. Bd4 Be7 30. Red1 Nh8 31. Kf2 Nf7 32. Rab1 Nd8 33. Ke3 Rcc8 34.
f4 Nc6 35. Kd3 Rg8 36. Be3 g5 37. g3 gxf4 38. Bxf4 Nb8 39. Ra1 Nc6 40. Rab1 Nb8
41. Ra1 Nc6 1/2-1/2

[Event "2BLS 2122 SV 1947 Walldorf - SG Speyer-"]
[Site "?"]
[Date "2022.03.05"]
[Round "1.4"]
[White "Faerber, David"]
[Black "Kovacs, Gabor"]
[Result "1/2-1/2"]
[WhiteElo "2324"]
[BlackElo "2448"]
[PlyCount "94"]
[EventDate "2022.??.??"]

1. e4 e5 2. Nf3 Nc6 3. Bb5 a6 4. Ba4 d6 5. c3 Bd7 6. O-O g6 7. d4 Bg7 8. d5
Nce7 9. Bxd7+ Qxd7 10. c4 h6 11. Nc3 f5 12. Ne1 Nf6 13. f3 O-O 14. Nd3 Kh7 15.
Bd2 c6 16. a4 Rac8 17. Qe2 g5 18. a5 Ng6 19. Na4 fxe4 20. fxe4 Rc7 21. Nb6 Qd8
22. g3 Rcf7 23. Rf2 Nd7 24. Nxd7 Qxd7 25. Rxf7 Rxf7 26. Rf1 Rf6 27. Kg2 Ne7 28.
Rxf6 Bxf6 29. Nf2 cxd5 30. cxd5 Qa4 31. Qf3 Ng8 32. Bc3 Kg7 33. Ng4 Qc2+ 34.
Nf2 Qa4 35. Qd1 Qc4 36. Qd3 Qxd3 37. Nxd3 g4 38. h3 gxh3+ 39. Kxh3 Be7 40. Kg2
Nf6 41. Kf3 h5 42. Bb4 Kf7 43. Nf2 Ke8 44. Ke2 Kd7 45. b3 Bd8 46. Bd2 Ng4 47.
Nxg4 hxg4 1/2-1/2

[Event "2BLS 2122 SV 1947 Walldorf - SG Speyer-"]
[Site "?"]
[Date "2022.03.05"]
[Round "1.5"]
[White "Bodrozic, Tomislav"]
[Black "Gschnitzer, Oswald"]
[Result "1/2-1/2"]
[WhiteElo "2344"]
[BlackElo "2362"]
[PlyCount "149"]
[EventDate "2022.??.??"]

1. e4 c5 2. Nf3 Nc6 3. Bb5 g6 4. Bxc6 bxc6 5. O-O Bg7 6. Re1 Qc7 7. c3 d6 8. h3
Nf6 9. d4 cxd4 10. cxd4 O-O 11. Nc3 Nd7 12. Bg5 Re8 13. Rc1 Bb7 14. d5 Qa5 15.
b4 Qxb4 16. Rb1 Qxc3 17. Rxb7 Nf6 18. Qa4 cxd5 19. exd5 Nxd5 20. Rxa7 Rab8 21.
Rc1 Qb4 22. Qc6 Qb6 23. Qxb6 Rxb6 24. a4 Nc3 25. Kf1 e6 26. Bd2 Rb3 27. a5 Ra3
28. Rc7 Ne4 29. Be1 Bf6 30. Rb1 Re7 31. Rc8+ Kg7 32. Rbb8 Bc3 33. Bxc3+ Nxc3
34. g4 Kf6 35. Kg2 Ne4 36. Rb4 d5 37. g5+ Kf5 38. h4 Ra2 39. Nd4+ Kf4 40. Nc2
Ke5 41. f3 Nd6 42. f4+ Kf5 43. Kf3 e5 44. Rc5 e4+ 45. Kg3 Rxc2 46. Rxc2 Nc4 47.
Rbxc4 dxc4 48. Rxc4 Rb7 49. Rc5+ Ke6 50. Re5+ Kd6 51. Rxe4 Rb3+ 52. Kg2 Ra3 53.
Re5 Kd7 54. Rb5 Ke7 55. Kf2 Ra4 56. Kf3 Kf8 57. Kg3 Kg7 58. Kf3 h5 59. Ke3 Kh7
60. Rc5 Kg7 61. Rb5 Kh7 62. Rd5 Kg7 63. Rc5 Kh7 64. Rc7 Rxa5 65. Rxf7+ Kg8 66.
Rd7 Ra4 67. Rd4 Ra1 68. Ke4 Re1+ 69. Kd5 Kf7 70. Re4 Rh1 71. Ke5 Rxh4 72. Ra4
Rg4 73. Ra7+ Kg8 74. Ra8+ Kg7 75. Ra7+ 1/2-1/2

[Event "2BLS 2122 SV 1947 Walldorf - SG Speyer-"]
[Site "?"]
[Date "2022.03.05"]
[Round "1.6"]
[White "Fichter, Fabian"]
[Black "Berend, Elvira"]
[Result "1/2-1/2"]
[WhiteElo "2215"]
[BlackElo "2311"]
[PlyCount "119"]
[EventDate "2022.??.??"]

1. e4 c5 2. Nf3 d6 3. d4 cxd4 4. Qxd4 Nc6 5. Qe3 g6 6. Be2 Bg7 7. O-O Nf6 8. h3
O-O 9. Rd1 Nd7 10. Nc3 b6 11. a3 Bb7 12. b3 Rc8 13. Bb2 a6 14. Rab1 b5 15. Nd5
Nce5 16. Nxe5 dxe5 17. c4 bxc4 18. Bxc4 e6 19. Nc3 Qc7 20. Na4 Nb8 21. Bc3 Nc6
22. Nc5 Nd4 23. Nxb7 Qxb7 24. Qd3 Ra8 25. Ba5 Nc6 26. Bc3 Rfd8 27. Qf1 Nd4 28.
f3 a5 29. Kh1 Bf8 30. a4 Bb4 31. Bb2 Bc5 32. Bc3 Qc7 33. Qe1 Qb6 34. Rb2 Bb4
35. Bxb4 axb4 36. Rbd2 Ra7 37. Qf2 Rad7 38. Rd3 Qc5 39. Qg1 Kg7 40. R3d2 Rd6
41. Rd3 Qc7 42. Qf2 Qc5 43. Qg1 R6d7 44. R3d2 h5 45. Rd3 h4 46. R3d2 Qc7 47.
Qf2 Qc5 48. Qg1 Rd6 49. Rd3 g5 50. R3d2 f6 51. Rd3 Kf7 52. R3d2 Ke7 53. Rd3 Qc7
54. Qf2 Rh8 55. R3d2 Qa5 56. Rd3 Rhd8 57. R3d2 Qc5 58. Qg1 Qa5 59. Qf2 Qc5 60.
Qg1 1/2-1/2